000 00648nam a2200217 a 4500
999 _c4486
_d4486
001 4486
003 BD-JhCC
005 20171127201958.0
008 171127s1975 bg |||| ||a| 000 0 eng d
035 _a(BD-JhCC)4486
040 _aBD-JhCC
_dBD-JhCC
041 _aeng
082 _a891.4415
_bHAQ 1975
100 _aহক, সিকদার আমিনুল
245 _aদূরের কার্নিশ /
_cসিকদার আমিনুল হক,
260 _aঢাকা :
_bমুক্তধারা প্রকাশনী,
_c1975
300 _a63 p. :
_c22 cm.
650 _aPoem
942 _2ddc
_cBK